Manual del consejo de familia (Record no. 164789)
[ view plain ]
| 000 -LEADER | |
|---|---|
| campo de control de longitud fija | 00715nam a2200181 i 4500 |
| 001 - NÚMERO DE CONTROL | |
| campo de control | 164789 |
| 003 - IDENTIFICADOR DE NÚMERO DE CONTROL | |
| campo de control | ES-MaACL |
| 005 - FECHA Y HORA DE LA ÚLTIMA TRANSACCIÓN | |
| campo de control | 20250713083008.0 |
| 008 - DATOS DE LONGITUD FIJA--INFORMACIÓN GENERAL | |
| campo de control de longitud fija | 990727s1890 sp |||| | spa d |
| 100 1# - ENTRADA PRINCIPAL--NOMBRE DE PERSONA | |
| Nombre de persona | Sarabia Pardo, A. |
| 9 (RLIN) | 132470 |
| 245 10 - MENCIÓN DEL TÍTULO | |
| Título | Manual del consejo de familia |
| Resto del título | : la tutela y la protutela / |
| Mención de responsabilidad, etc. | por A. y J. Sarabia Pardo. |
| 260 ## - PUBLICACIÓN, DISTRIBUCIÓN, ETC. | |
| Lugar de publicación, distribución, etc. | Madrid : |
| Nombre del editor, distribuidor, etc. | [s.n.], |
| Fecha de publicación, distribución, etc. | 1890 ( |
| Fabricante | R. Velasco, impresor) |
| 300 ## - DESCRIPCIÓN FÍSICA | |
| Extensión | 119 p. ; |
| Dimensiones | 20 cm. |
| 650 04 - PUNTO DE ACCESO ADICIONAL DE MATERIA--TÉRMINO DE MATERIA | |
| Término de materia o nombre geográfico como elemento de entrada | Tutela- |
| Subdivisión geográfica | España. |
| 9 (RLIN) | 17676 |
| 700 1# - ENTRADA AGREGADA--NOMBRE PERSONAL | |
| Nombre de persona | Sarabia y Pardo, Jesús, |
| Fechas asociadas al nombre | 1865-1943 |
| 9 (RLIN) | 103740 |
| 852 ## - LOCALIZACIÓN | |
| Ubicación | ES-MaACL |
| Número de control de estantería | T-573-F-2 |
| Nota libre | - Enc. hol. conservando la cub. original |
| -- | . - Dedic. ms. del autor al Ateneo de Madrid |
| -- | - Enc. en un vol. facticio |
| Estatus retirado | Estado de pérdida | Estado de daño | No para préstamo | Colección | Biblioteca de origen | Biblioteca actual | Ubicación en estantería | Fecha de adquisición | Total de préstamos | Signatura topográfica completa | Código de barras | Visto por última vez | Precio de reemplazo | Tipo de ítem Koha |
|---|---|---|---|---|---|---|---|---|---|---|---|---|---|---|
| Colección de folletos | Biblioteca del Ateneo de Madrid | Biblioteca del Ateneo de Madrid | Depósito folletos | 17/01/2008 | T-573-F-2 | 1172747 | 23/02/2023 | 23/02/2023 | Folleto |
